Phương pháp dạy học âm nhạc ở tiểu học Bài giảng đào tạo hệ ĐH giáo dục tiểu học
v.v...
Đã lưu trong:
| Tác giả chính: | |
|---|---|
| Định dạng: | Sách |
| Năm xuất bản: |
Quảng Bình
Đại học Quảng Bình
2008
|
| Chủ đề: | |
| Tags: |
Thêm thẻ
Không có thẻ, Hãy là người đầu tiên gắn thẻ bản ghi này!
|
| LEADER | 00681nam a2200181 4500 | ||
|---|---|---|---|
| 999 | |c 13986 |d 13986 | ||
| 082 | |a 780.71 |b TR561TH | ||
| 100 | |a Trương Thị Hoa | ||
| 245 | |a Phương pháp dạy học âm nhạc ở tiểu học |b Bài giảng đào tạo hệ ĐH giáo dục tiểu học |c Trương Thị Hoa | ||
| 260 | |a Quảng Bình |b Đại học Quảng Bình |c 2008 | ||
| 300 | |a 42tr. |c 30cm. | ||
| 520 | |a v.v... | ||
| 653 | |a Âm nhạc | ||
| 653 | |a Phương pháp | ||
| 653 | |a Dạy học | ||
| 653 | |a Bài giảng | ||
| 942 | |2 ddc |c TC | ||
| 952 | |0 0 |1 0 |2 ddc |4 0 |6 780_710000000000000_TR561TH |7 0 |8 700 |9 110914 |a qbu |b qbu |c D1 |d 2017-06-13 |o 780.71 TR561TH |p BG59.c1 |r 2017-06-13 |w 2017-06-13 |y TC | ||